| 000 | 00723nam a2200217 4500 | ||
|---|---|---|---|
| 001 | 113762 | ||
| 003 | ES-MaACL | ||
| 005 | 20250520202307.0 | ||
| 007 | t| | ||
| 008 | 061121s1981 sp r ||||1| spa d | ||
| 100 | 1 |
_aNohlen, Dieter. _985899 |
|
| 245 | 1 | 0 |
_aSistemas electorales del mundo / _cDieter Nohlen ; traducción de Ramón García Cotarelo. |
| 260 |
_aMadrid : _bCentro de Estudios Constitucionales, _c1981. |
||
| 300 |
_aXIV, 763 p. ; _c21 cm. |
||
| 490 | 1 | _aEstudios Políticos | |
| 700 | 1 |
_aCotarelo, Ramón, _d1943- _941166 |
|
| 710 | 2 |
_aCentro de Estudios Constitucionales (España) _92618 |
|
| 830 | 0 |
_aEstudios Políticos _9180572 |
|
| 852 |
_aES-MaACL _jL-2854 _bR.103433 |
||
| 999 |
_c113762 _d113762 |
||